000 00427nam a2200181Ia 4500
001 9175
005 20260306160704.0
008 260306t1997||||xx |||||||||||||| ||spa||
041 _aESP
082 _a374.32
_bT76
100 _aTovar, Teresa
_eAUT
245 0 _aDesde los niños/as texto impreso
260 _c1997
300 _a221 páginas :, 3 hojas :
_c
650 _aGEN
654 _aCED
942 _cLIB
_dJUS
_fJUS
_2ddc
_n
999 _c9175
_d9175